| 000 | 00462nam a2200169 i 4500 | ||
|---|---|---|---|
| 001 | 80493 | ||
| 003 | ES-MaACL | ||
| 005 | 20251003180906.0 | ||
| 007 | t| | ||
| 008 | 041028s1973 xxu ||||1| spa d | ||
| 245 | 0 | 0 | _aHomenaje a Augusto Roa Bastos. |
| 260 |
_a[New York] : _bHelmy F. Giacoman, _c[1973] |
||
| 300 |
_a294 p. ; _c22 cm. |
||
| 600 | 1 | 4 |
_aRoa Bastos, Augusto, _d1917-2005 _997766 |
| 852 |
_aES-MaACL _jC-53883 _bR.86763 |
||
| 999 |
_c80493 _d80493 |
||